The city's countryside (Record no. 79357)
[ view plain ]
| 000 -LEADER | |
|---|---|
| fixed length control field | 00933nam a2200241 a 4500 |
| 008 - FIXED-LENGTH DATA ELEMENTS--GENERAL INFORMATION | |
| fixed length control field | 120416s1982 ||||||||||||||||| || u |
| 020 ## - INTERNATIONAL STANDARD BOOK NUMBER | |
| International Standard Book Number | 0582300452 |
| 050 ## - LIBRARY OF CONGRESS CALL NUMBER | |
| Classification number | HD 111 Bry |
| 100 ## - MAIN ENTRY--PERSONAL NAME | |
| Personal name | Bryant, C. R., 1945- |
| 245 10 - TITLE STATEMENT | |
| Title | The city's countryside |
| 246 ## - | |
| -- | land and its management in the rural-urban fringe |
| 260 ## - PUBLICATION, DISTRIBUTION, ETC. | |
| Place of publication, distribution, etc. | London |
| Name of publisher, distributor, etc. | Longman |
| Date of publication, distribution, etc. | 1982 |
| 300 ## - PHYSICAL DESCRIPTION | |
| Extent | xii, 249p. : ill. |
| 350 ## - | |
| -- | 0.00 |
| 500 ## - GENERAL NOTE | |
| General note | Includes index. -Bibliography: p. 226-245. |
| 650 ## - SUBJECT ADDED ENTRY--TOPICAL TERM | |
| Topical term or geographic name entry element | LAND |
| 650 ## - SUBJECT ADDED ENTRY--TOPICAL TERM | |
| Topical term or geographic name entry element | Land use--Management |
| 650 ## - SUBJECT ADDED ENTRY--TOPICAL TERM | |
| Topical term or geographic name entry element | REGINAL PLANNING |
| 700 ## - ADDED ENTRY--PERSONAL NAME | |
| Personal name | Russwurm, Lorne H |
| 700 ## - ADDED ENTRY--PERSONAL NAME | |
| Personal name | McLellan, A. G |
| 995 ## - | |
| -- | ANNEX COLLECTION (Main Library) |
| -- | 0.00 |
| -- | 707333 |
| -- | CBU-MAIN LIBRARY (Kitwe) |
| -- | 1 |
| -- | 7.95 |
| -- | HD 111 Bry |
| -- | 1 |
| -- | AVAILABLE |
| -- | 004715 |
| -- | Annex Low-Usage Collection |
| 995 ## - | |
| -- | ANNEX COLLECTION (Main Library) |
| -- | 0.00 |
| -- | 712376 |
| -- | CBU-MAIN LIBRARY (Kitwe) |
| -- | 2 |
| -- | 7.95 |
| -- | HD 111 Bry |
| -- | 2 |
| -- | AVAILABLE |
| -- | 004716 |
| -- | Annex Low-Usage Collection |
| 999 ## - | |
| -- | 79357 |
| -- | 79357 |
| Withdrawn status | Lost status | Source of classification or shelving scheme | Damaged status | Not for loan | Permanent Location | Current Location | Shelving location | Date acquired | Total Checkouts | Full call number | Barcode | Date last seen | Copy number | Price effective from | Koha item type |
|---|---|---|---|---|---|---|---|---|---|---|---|---|---|---|---|
| CBU-MAIN LIBRARY, KITWE. | CBU-MAIN LIBRARY, KITWE. | 06/16/2023 | HD 111 Bry | 004715 | 06/16/2023 | 1 | 06/16/2023 | MONOGRAPH | |||||||
| CBU-MAIN LIBRARY, KITWE. | CBU-MAIN LIBRARY, KITWE. | 06/16/2023 | HD 111 Bry | 004716 | 06/16/2023 | 2 | 06/16/2023 | MONOGRAPH |